[Event "Plzen Calliditas op 23rd"]
[Site "Plzen"]
[Date "2024.09.09"]
[Round "1"]
[White "Novotny, David"]
[Black "Roubik, Vit"]
[Result "1-0"]
[WhiteElo "1967"]
[BlackElo "1824"]
[PlyCount "81"]
[EventDate "2024.09.09"]
[EventType "swiss"]
[EventRounds "7"]
[EventCountry "CZE"]
[SourceTitle "EXT 2025"]
[Source "ChessBase"]
[SourceDate "2024.10.14"]
[SourceVersion "1"]
[SourceVersionDate "2024.10.14"]
[SourceQuality "1"]

1. e4 c5 2. Nf3 Nc6 3. d4 cxd4 4. Nxd4 g6 5. Nc3 Bg7 6. Be3 Nf6 7. Nxc6 bxc6 8. e5 Ng8 9. Bd4 c5 10. Bxc5 Bxe5 11. Bd4 Bxd4 12. Qxd4 Nf6 13. Ne4 Qa5+ 14. b4 Qb6 15. Nxf6+ Qxf6 16. Qxf6 exf6 17. 0-0-0 0-0 18. Rd6 Re8 19. Bc4 Re7 20. Rhd1 Rb8 21. R1d4 Kg7 22. b5 Kf8 23. a4 Ke8 24. Rxf6 Bb7 25. f3 Rc8 26. Kd2 d5 27. Bxd5 Bxd5 28. Rxd5 Rec7 29. Re5+ Kf8 30. Rc6 Rxc6 31. bxc6 Rxc6 32. Kd3 Rd6+ 33. Kc3 Rc6+ 34. Kb3 Rb6+ 35. Rb5 Ke7 36. Rxb6 axb6 37. Kb4 Kd6 38. Kb5 Kc7 39. c4 f5 40. c5 bxc5 41. Kxc5 1-0

[Event "Ricany op"]
[Site "Ricany"]
[Date "2024.07.03"]
[Round "6"]
[White "Rous, Dominik"]
[Black "Novotny, David"]
[Result "1/2-1/2"]
[WhiteElo "1719"]
[BlackElo "2034"]
[PlyCount "52"]
[EventDate "2024.06.29"]
[EventType "swiss"]
[EventRounds "9"]
[EventCountry "CZE"]
[SourceTitle "CBM 221 Extra"]
[Source "ChessBase"]
[SourceDate "2024.09.30"]
[SourceVersion "1"]
[SourceVersionDate "2024.09.30"]
[SourceQuality "1"]

1. b3 d5 2. Bb2 Bg4 3. Nf3 Bxf3 4. gxf3 Nf6 5. e3 Nbd7 6. c4 c6 7. Nc3 e6 8. Qc2 a5 9. a3 Qb6 10. Na4 Qc7 11. d4 Be7 12. Bd3 Rd8 13. f4 Nf8 14. c5 Ng6 15. Nb6 Nd7 16. Bc3 Bf6 17. Bxa5 Ra8 18. b4 Rxa5 19. bxa5 Nxf4 20. Rb1 Nxd3+ 21. Qxd3 e5 22. a6 bxa6 23. Qxa6 0-0 24. Qd3 exd4 25. exd4 Re8+ 26. Kd1 Nf8 1/2-1/2

[Event "Ricany op"]
[Site "Ricany"]
[Date "2024.06.30"]
[Round "3"]
[White "Novotny, David"]
[Black "Pesek, Jan Antonin"]
[Result "1/2-1/2"]
[WhiteElo "2034"]
[BlackElo "1635"]
[PlyCount "77"]
[EventDate "2024.06.29"]
[EventType "swiss"]
[EventRounds "9"]
[EventCountry "CZE"]
[SourceTitle "CBM 221 Extra"]
[Source "ChessBase"]
[SourceDate "2024.09.30"]
[SourceVersion "1"]
[SourceVersionDate "2024.09.30"]
[SourceQuality "1"]

1. e4 e6 2. d4 d5 3. Nc3 dxe4 4. Nxe4 Bd7 5. Nf3 Bc6 6. Bd3 Nf6 7. Bg5 Be7 8. Bxf6 Bxf6 9. c3 Nd7 10. Qe2 a6 11. h4 h6 12. Nxf6+ Qxf6 13. Be4 Bxe4 14. Qxe4 0-0-0 15. 0-0-0 Rhe8 16. Rhe1 c6 17. Qg4 Qg6 18. Qxg6 fxg6 19. Rd3 Re7 20. c4 Rde8 21. Rde3 Kc7 22. Kc2 b5 23. b3 bxc4 24. bxc4 Nf8 25. Ne5 Rb8 26. Kc3 a5 27. Rg3 Rb4 28. Rf3 Rb8 29. Rg3 Rb4 30. Nxg6 Nxg6 31. Rxg6 Ra4 32. Kb3 Rb4+ 33. Kc3 Ra4 34. Re2 Kd7 35. Rb2 Ra3+ 36. Kd2 Kc7 37. f3 c5 38. dxc5 Kc6 39. Rg4 1/2-1/2

[Event "Prague Golden Rapid op 19th"]
[Site "Prague"]
[Date "2024.06.23"]
[Round "6"]
[White "Bauma, Jiri"]
[Black "Novotny, David"]
[Result "1-0"]
[WhiteElo "2048"]
[BlackElo "1966"]
[PlyCount "129"]
[EventDate "2024.06.23"]
[EventType "swiss (rapid)"]
[EventRounds "7"]
[EventCountry "CZE"]
[SourceTitle "EXT 2025"]
[Source "ChessBase"]
[SourceDate "2024.10.14"]
[SourceVersion "1"]
[SourceVersionDate "2024.10.14"]
[SourceQuality "1"]

1. e4 c5 2. Nf3 d6 3. d4 cxd4 4. Nxd4 Nf6 5. Nc3 Nc6 6. g3 g6 7. Bg2 Nxd4 8. Qxd4 Bg7 9. 0-0 0-0 10. Qd3 Be6 11. Nd5 Rc8 12. c3 a6 13. Be3 Ng4 14. Bb6 Qd7 15. f4 Rc6 16. Bd4 Bxd5 17. exd5 Bxd4+ 18. Qxd4 Rc7 19. Rae1 Qb5 20. Bf3 Nh6 21. Rf2 Nf5 22. Qd2 Qc4 23. a3 Re8 24. Rfe2 Qc5+ 25. Kg2 b5 26. Kh3 h5 27. Qd3 Ng7 28. Kg2 e6 29. dxe6 Rxe6 30. Bd5 Rxe2+ 31. Rxe2 Nf5 32. Re8+ Kg7 33. Qe4 Re7 34. Rxe7 Nxe7 35. Bb7 Nf5 36. Bxa6 Ne3+ 37. Kf3 Nf5 38. Kg2 Ne3+ 39. Kh3 Nf5 40. Bb7 Qf2 41. Qg2 Qc5 42. Qe2 Ne3 43. Bf3 Qf5+ 44. g4 hxg4+ 45. Bxg4 Qxf4 46. Qf3 Qh6+ 47. Kg3 f5 48. Bh3 Qg5+ 49. Kf2 f4 50. Ke2 Qd5 51. Qxd5 Nxd5 52. Bd7 Nc7 53. Kf3 g5 54. h4 Kf6 55. h5 d5 56. Kg4 Na6 57. Bxb5 Nc5 58. a4 Ne4 59. h6 Kg6 60. Bd3 Kxh6 61. Bxe4 dxe4 62. a5 e3 63. Kf3 g4+ 64. Ke2 g3 65. Kf3 1-0

[Event "Ricany op"]
[Site "Ricany"]
[Date "2023.08.27"]
[Round "2"]
[White "Stufka, Karel"]
[Black "Novotny, David"]
[Result "0-1"]
[WhiteElo "1730"]
[BlackElo "1985"]
[PlyCount "42"]
[EventDate "2023.08.26"]
[EventType "swiss"]
[EventRounds "9"]
[EventCountry "CZE"]
[SourceTitle "CBM 216 Extra"]
[Source "ChessBase"]
[SourceDate "2023.11.30"]
[SourceVersion "1"]
[SourceVersionDate "2023.11.30"]
[SourceQuality "1"]

1. d4 e6 2. c4 f5 3. Nf3 Nf6 4. g3 Be7 5. Bg2 0-0 6. 0-0 d6 7. Nc3 Ne4 8. Qc2 Nxc3 9. bxc3 Nc6 10. Ba3 e5 11. e4 f4 12. Rad1 Qe8 13. dxe5 dxe5 14. Bxe7 Qxe7 15. Rd5 Bg4 16. Qb3 Rab8 17. Rb5 b6 18. Rd5 Qf6 19. Nd2 Ne7 20. Rd3 Be2 21. c5+ Kh8 0-1

[Event "Ricany op"]
[Site "Ricany"]
[Date "2023.08.26"]
[Round "1"]
[White "Novotny, David"]
[Black "Vit, Zdenek"]
[Result "1-0"]
[WhiteElo "1985"]
[BlackElo "1654"]
[PlyCount "39"]
[EventDate "2023.08.26"]
[EventType "swiss"]
[EventRounds "9"]
[EventCountry "CZE"]
[SourceTitle "CBM 216 Extra"]
[Source "ChessBase"]
[SourceDate "2023.11.30"]
[SourceVersion "1"]
[SourceVersionDate "2023.11.30"]
[SourceQuality "1"]

1. e4 e5 2. Bc4 Nc6 3. Nf3 Bc5 4. c3 Nf6 5. d3 d6 6. 0-0 0-0 7. h3 h6 8. Re1 a6 9. a4 Bd7 10. a5 Qc8 11. Bb3 Be6 12. Bc2 Ne7 13. Nbd2 Ne8 14. Nf1 f5 15. d4 fxe4 16. Bxe4 Ba7 17. dxe5 dxe5 18. Be3 Bxe3 19. Nxe3 Nd6 20. Nd5 1-0

[Event "Klatovy op-A 29th"]
[Site "Klatovy"]
[Date "2023.07.01"]
[Round "1"]
[White "Kroulik, Vaclav"]
[Black "Novotny, David"]
[Result "1-0"]
[WhiteElo "1750"]
[BlackElo "2034"]
[PlyCount "91"]
[EventDate "2023.07.01"]
[EventType "swiss"]
[EventRounds "9"]
[EventCountry "CZE"]
[SourceTitle "CBM 215 Extra"]
[Source "ChessBase"]
[SourceDate "2023.09.30"]
[SourceVersion "1"]
[SourceVersionDate "2023.09.30"]
[SourceQuality "1"]

1. e4 c5 2. Nf3 d6 3. c3 Nf6 4. Be2 g6 5. 0-0 Bg7 6. h3 0-0 7. d3 Nc6 8. Be3 e5 9. Nbd2 Re8 10. Nh2 h6 11. f4 exf4 12. Bxf4 d5 13. Bf3 Ne5 14. Qc2 dxe4 15. Nxe4 Qxd3 16. Qxd3 Nxd3 17. Nxf6+ Bxf6 18. Bxh6 Bh8 19. Rab1 Be6 20. Ng4 Rab8 21. Rfd1 Bf5 22. Ne3 Ne5 23. Nxf5 Nxf3+ 24. gxf3 gxf5 25. Kf2 Re6 26. Bf4 Rbe8 27. Rd2 Bf6 28. Rg1+ Kh7 29. Bg5 Bg7 30. Rgd1 Bh6 31. Bxh6 Kxh6 32. Rd6 R8e7 33. Kg3 Kg5 34. h4+ Kf6 35. Kf4 Re8 36. R1d5 Ke7 37. Rd7+ Kf8 38. Rxf5 R8e7 39. Rxe7 Kxe7 40. Re5 Kf6 41. Rxe6+ fxe6 42. h5 c4 43. h6 b5 44. h7 Kg7 45. Ke5 a5 46. a3 1-0

[Event "Prague Golden Rapid op"]
[Site "Prague"]
[Date "2023.06.17"]
[Round "6"]
[White "Fantaz, Maksim"]
[Black "Novotny, David"]
[Result "0-1"]
[WhiteElo "1862"]
[BlackElo "1894"]
[PlyCount "88"]
[EventDate "2023.06.17"]
[EventType "swiss (rapid)"]
[EventRounds "9"]
[EventCountry "CZE"]
[SourceTitle "CBM 215 Extra"]
[Source "ChessBase"]
[SourceDate "2023.09.30"]
[SourceVersion "1"]
[SourceVersionDate "2023.09.30"]
[SourceQuality "1"]

1. e4 c5 2. Nf3 d6 3. d3 Nc6 4. g3 g6 5. Bg2 Bg7 6. 0-0 e5 7. Nbd2 Nge7 8. c3 0-0 9. Re1 f5 10. Ng5 Kh8 11. Ndf3 h6 12. Nh3 d5 13. exd5 Nxd5 14. Qd2 e4 15. dxe4 fxe4 16. Nh4 Bxh3 17. Nxg6+ Kg8 18. Bxh3 Rf6 19. Nh4 e3 20. fxe3 Ne5 21. e4 Ne7 22. Rf1 Qb6 23. Rxf6 Qxf6 24. Qf4 Qxf4 25. gxf4 Nd3 26. Bf1 Rd8 27. Be3 Nxb2 28. Rb1 Bxc3 29. Bxc5 Nc6 30. Nf3 b6 31. Ba3 Nd3 32. Rb3 Nd4 33. Rxc3 Nxf3+ 34. Kg2 Nde1+ 35. Kg3 Nd2 36. Bc4+ Nxc4 37. Rxc4 Rd3+ 38. Kg4 Rxa3 39. Rc7 Rxa2 40. Kf5 Nd3 41. e5 Rf2 42. Kg6 Nxf4+ 43. Kxh6 Rg2 44. Rxa7 Rg6# 0-1

[Event "Prague Golden Rapid op"]
[Site "Prague"]
[Date "2023.06.17"]
[Round "5"]
[White "Novotny, David"]
[Black "Pesta, Milan"]
[Result "1-0"]
[WhiteElo "1894"]
[BlackElo "1503"]
[PlyCount "59"]
[EventDate "2023.06.17"]
[EventType "swiss (rapid)"]
[EventRounds "9"]
[EventCountry "CZE"]
[SourceTitle "CBM 215 Extra"]
[Source "ChessBase"]
[SourceDate "2023.09.30"]
[SourceVersion "1"]
[SourceVersionDate "2023.09.30"]
[SourceQuality "1"]

1. e4 d5 2. exd5 Qxd5 3. Nc3 Qa5 4. Nf3 Bf5 5. d4 c6 6. Bd3 Bxd3 7. Qxd3 e6 8. Bf4 Nf6 9. 0-0 Be7 10. h3 0-0 11. Rfe1 Nbd7 12. a3 Rac8 13. Ne5 Nxe5 14. Bxe5 c5 15. Qg3 cxd4 16. Ne4 Nh5 17. Qh2 Rfd8 18. b4 Qb6 19. Re2 f6 20. g4 fxe5 21. gxh5 Rd5 22. Kh1 Qc6 23. Rg1 Kh8 24. Qg2 Rg8 25. Kh2 d3 26. h6 g6 27. Ng5 Bxg5 28. Qxg5 Rf8 29. Qe7 Qd7 30. Qxf8# 1-0

[Event "CZE-chT2B 2223"]
[Site "Czech Republic"]
[Date "2023.03.26"]
[Round "11.7"]
[White "Novotny, David"]
[Black "Kaluzny, Jiri"]
[Result "1-0"]
[WhiteElo "2032"]
[BlackElo "1819"]
[PlyCount "49"]
[EventDate "2022.10.16"]
[EventType "team-tourn"]
[EventRounds "11"]
[EventCountry "CZE"]
[SourceTitle "EXT 2024"]
[Source "ChessBase"]
[SourceDate "2023.10.10"]
[SourceVersion "1"]
[SourceVersionDate "2023.10.10"]
[SourceQuality "1"]
[WhiteTeam "Kobylisy"]
[BlackTeam "Udlice"]
[WhiteTeamCountry "CZE"]
[BlackTeamCountry "CZE"]

1. e4 Nf6 2. e5 Nd5 3. d4 d6 4. Nf3 Nc6 5. Bb5 a6 6. Bxc6+ bxc6 7. c4 Nb6 8. Nbd2 g6 9. 0-0 Bg7 10. Re1 0-0 11. b3 Bf5 12. Nf1 Qd7 13. Bb2 Rab8 14. Qd2 Rfd8 15. Rad1 Bg4 16. Qe2 Qf5 17. Ng3 Bxf3 18. Nxf5 Bxe2 19. Nxe7+ Kf8 20. exd6 cxd6 21. Rxe2 Re8 22. Rde1 c5 23. dxc5 Bxb2 24. cxb6 Bc3 25. Nxg6+ 1-0

[Event "CZE-chT2B 2223"]
[Site "Czech Republic"]
[Date "2023.03.05"]
[Round "10.8"]
[White "Novotny, David"]
[Black "Svadlenka, Jaroslav"]
[Result "1-0"]
[WhiteElo "2032"]
[BlackElo "1887"]
[PlyCount "77"]
[EventDate "2022.10.16"]
[EventType "team-tourn"]
[EventRounds "11"]
[EventCountry "CZE"]
[SourceTitle "EXT 2024"]
[Source "ChessBase"]
[SourceDate "2023.10.10"]
[SourceVersion "1"]
[SourceVersionDate "2023.10.10"]
[SourceQuality "1"]
[WhiteTeam "Kobylisy"]
[BlackTeam "Kolesovice"]
[WhiteTeamCountry "CZE"]
[BlackTeamCountry "CZE"]

1. e4 c5 2. Nf3 d6 3. d4 cxd4 4. Nxd4 Nf6 5. Nc3 Nc6 6. Bg5 e6 7. Bb5 Bd7 8. Qd3 Ne5 9. Qe2 a6 10. Bxd7+ Qxd7 11. f4 Nc6 12. 0-0-0 Rc8 13. Bxf6 gxf6 14. f5 Nxd4 15. Rxd4 Bh6+ 16. Kb1 Bf4 17. Qh5 Ke7 18. fxe6 fxe6 19. Qg4 Bh6 20. Re1 Qc7 21. Qh5 Bg7 22. Rd3 Qc5 23. Qg4 Kf7 24. e5 h5 25. Qf3 d5 26. exf6 Bxf6 27. Qe2 Rc6 28. Rf3 Rh6 29. Ref1 Ke7 30. Qd2 Rg6 31. Re1 Kd7 32. Ne4 Qe7 33. Ref1 Bg5 34. Nxg5 Qxg5 35. Rf7+ Kc8 36. Qb4 b5 37. Ra7 Kb8 38. Rff7 Rg8 39. Rxa6 1-0

[Event "CZE-chT2B 2223"]
[Site "Czech Republic"]
[Date "2023.02.05"]
[Round "8.8"]
[White "Novotny, David"]
[Black "Pick, Stepan"]
[Result "1/2-1/2"]
[WhiteElo "1987"]
[BlackElo "1901"]
[PlyCount "65"]
[EventDate "2022.10.16"]
[EventType "team-tourn"]
[EventRounds "11"]
[EventCountry "CZE"]
[SourceTitle "EXT 2024"]
[Source "ChessBase"]
[SourceDate "2023.10.10"]
[SourceVersion "1"]
[SourceVersionDate "2023.10.10"]
[SourceQuality "1"]
[WhiteTeam "Kobylisy"]
[BlackTeam "Pankrac II"]
[WhiteTeamCountry "CZE"]
[BlackTeamCountry "CZE"]

1. e4 e6 2. d4 d5 3. e5 c5 4. c3 Qb6 5. Nf3 Nc6 6. Bd3 Nh6 7. 0-0 cxd4 8. Nbd2 Bd7 9. Nb3 dxc3 10. bxc3 Ng4 11. Qe2 Qc7 12. Re1 f6 13. exf6 gxf6 14. c4 dxc4 15. Bxc4 Nce5 16. Nxe5 Qxe5 17. Qxg4 Qxe1+ 18. Bf1 Qe5 19. Bf4 Qf5 20. Qg3 e5 21. Re1 Be7 22. Be3 Qg4 23. Nc5 Qxg3 24. hxg3 Bxc5 25. Bxc5 b6 26. Bd6 Bc6 27. f4 e4 28. Bb4 0-0-0 29. Be7 Rd2 30. Bxf6 Re8 31. a3 Kb7 32. g4 Bd7 33. g5 1/2-1/2

[Event "Mid Bohemia Region-chT 2223"]
[Site "Czech Republic"]
[Date "2023.01.15"]
[Round "6.2"]
[White "Novotny, David"]
[Black "Zahorbensky, Jaroslav"]
[Result "1/2-1/2"]
[WhiteElo "1993"]
[BlackElo "2072"]
[PlyCount "39"]
[EventDate "2022.10.09"]
[EventType "team-tourn"]
[EventRounds "11"]
[EventCountry "CZE"]
[SourceTitle "EXT 2024"]
[Source "ChessBase"]
[SourceDate "2023.10.10"]
[SourceVersion "1"]
[SourceVersionDate "2023.10.10"]
[SourceQuality "1"]
[WhiteTeam "Ricany III"]
[BlackTeam "Bakov nad Jizerou II"]
[WhiteTeamCountry "CZE"]
[BlackTeamCountry "CZE"]

1. e4 g6 2. Nc3 c6 3. d4 d5 4. e5 h5 5. Nge2 Nh6 6. Nf4 Bf5 7. Be2 Bg7 8. h3 h4 9. g4 hxg3 10. fxg3 e6 11. Be3 Nd7 12. g4 Nxg4 13. Bxg4 Qh4+ 14. Kd2 c5 15. Nb5 cxd4 16. Bxd4 Bxe5 17. Bxe5 Nxe5 18. b3 Qf2+ 19. Ne2 Bxg4 20. hxg4 1/2-1/2

[Event "Prague Summer op 9th"]
[Site "Prague"]
[Date "2022.08.05"]
[Round "1"]
[White "Pap, Gyula"]
[Black "Novotny, David"]
[Result "1-0"]
[WhiteElo "2481"]
[BlackElo "1986"]
[PlyCount "59"]
[EventDate "2022.08.05"]
[EventType "swiss"]
[EventRounds "9"]
[EventCountry "CZE"]
[SourceTitle "CBM 209 Extra"]
[Source "ChessBase"]
[SourceDate "2022.09.30"]
[SourceVersion "1"]
[SourceVersionDate "2022.09.30"]
[SourceQuality "1"]

1. e4 c5 2. Nf3 d6 3. d4 cxd4 4. Nxd4 Nf6 5. Nc3 Nc6 6. Be2 g6 7. 0-0 Bg7 8. Nb3 0-0 9. Kh1 a5 10. a4 Be6 11. f4 Rc8 12. Be3 Nd7 13. Bb5 Bxb3 14. cxb3 Nc5 15. Bxc5 dxc5 16. e5 f6 17. Qd5+ Qxd5 18. Nxd5 Rcd8 19. Bxc6 bxc6 20. Nxe7+ Kf7 21. Nxc6 Rd2 22. Nxa5 Rxb2 23. Rad1 fxe5 24. fxe5+ Ke6 25. Rd6+ Kxe5 26. Nc4+ Ke4 27. Re1+ Kf4 28. Nxb2 Bxb2 29. Rd2 Bd4 30. Rxd4+ 1-0

[Event "Klatovy op 28th"]
[Site "Klatovy"]
[Date "2022.07.02"]
[Round "1"]
[White "Novotny, David"]
[Black "Hurdzan, Tomas"]
[Result "0-1"]
[WhiteElo "1958"]
[BlackElo "2317"]
[PlyCount "82"]
[EventDate "2022.07.02"]
[EventType "swiss"]
[EventRounds "9"]
[EventCountry "CZE"]
[SourceTitle "EXT 2023"]
[Source "ChessBase"]
[SourceDate "2022.10.05"]
[SourceVersion "1"]
[SourceVersionDate "2022.10.05"]
[SourceQuality "1"]

1. e4 c5 2. Nf3 d6 3. d4 cxd4 4. Nxd4 Nf6 5. Nc3 Nc6 6. Bg5 e6 7. Bb5 Bd7 8. Qd3 Be7 9. 0-0-0 0-0 10. Bxc6 bxc6 11. Nb3 a5 12. e5 Nd5 13. Bxe7 Qxe7 14. exd6 Qxd6 15. Ne4 Qf4+ 16. Kb1 e5 17. g3 Qf5 18. Nbc5 Bc8 19. c4 Nf6 20. Nxf6+ Qxf6 21. Nd7 Bxd7 22. Qxd7 Rab8 23. Qd2 Rb4 24. Qe2 Rfb8 25. Rd2 e4 26. Rc1 Qe5 27. Rcc2 a4 28. Qd1 Qf6 29. Qg4 Qe5 30. Qd7 g6 31. Qxc6 a3 32. b3 e3 33. fxe3 Qxe3 34. Qh1 Rxc4 35. Rxc4 Qxd2 36. Rc2 Qd3 37. Qc6 Rd8 38. Qc5 Qe4 39. Qg1 Rd2 40. Qc1 Rxh2 41. g4 Rh1 0-1

[Event "CZE-chT2C 2122"]
[Site "Czech Republic"]
[Date "2021.11.07"]
[Round "2.8"]
[White "Janouch, Jachym Stepan"]
[Black "Novotny, David"]
[Result "1-0"]
[WhiteElo "1903"]
[BlackElo "1931"]
[PlyCount "57"]
[EventDate "2021.10.17"]
[EventType "team-tourn"]
[EventRounds "11"]
[EventCountry "CZE"]
[SourceTitle "EXT 2025"]
[Source "ChessBase"]
[SourceDate "2024.10.14"]
[SourceVersion "1"]
[SourceVersionDate "2024.10.14"]
[SourceQuality "1"]
[WhiteTeam "Jicin AD"]
[BlackTeam "Ricany Betsys II"]
[WhiteTeamCountry "CZE"]
[BlackTeamCountry "CZE"]

1. e4 e5 2. Nf3 Nc6 3. d4 exd4 4. Nxd4 Nf6 5. Nxc6 bxc6 6. Bd3 d6 7. 0-0 Be7 8. f4 0-0 9. Nd2 d5 10. e5 Ng4 11. Qe1 Bc5+ 12. Kh1 f6 13. Nb3 Bb6 14. h3 Nf2+ 15. Rxf2 Bxf2 16. Qxf2 fxe5 17. Qg3 e4 18. Bf1 Qf6 19. c3 Rf7 20. Be3 a5 21. Nc5 Rb8 22. Rb1 h6 23. Be2 Kh7 24. Bg4 Bf5 25. Bxf5+ Qxf5 26. a4 Qh5 27. Qg4 Qxg4 28. hxg4 Rf6 29. Nd7 1-0

[Event "Ceske Budejovice op"]
[Site "Ceske Budejovice"]
[Date "2021.07.07"]
[Round "7"]
[White "Karimi, Farhad"]
[Black "Novotny, David"]
[Result "1-0"]
[WhiteElo "2054"]
[BlackElo "1926"]
[PlyCount "75"]
[EventDate "2021.07.01"]
[EventType "swiss"]
[EventRounds "9"]
[EventCountry "CZE"]
[SourceTitle "CBM 203 Extra"]
[Source "ChessBase"]
[SourceDate "2021.09.30"]
[SourceVersion "1"]
[SourceVersionDate "2021.09.30"]
[SourceQuality "1"]

1. d4 Nf6 2. c4 e6 3. Nc3 Bb4 4. e3 0-0 5. Nge2 Re8 6. a3 Bf8 7. b4 d5 8. Ng3 e5 9. dxe5 Rxe5 10. cxd5 Nxd5 11. Bc4 Qf6 12. Nxd5 Rxd5 13. Qxd5 Qc3+ 14. Kd1 Be6 15. Qd4 Qxd4+ 16. exd4 Bxc4 17. Be3 a5 18. Kc2 axb4 19. axb4 Na6 20. Rhb1 Bd5 21. Bd2 c6 22. f3 Rc8 23. Ne4 Nc7 24. Nc5 b6 25. Ne4 Ne6 26. Kd3 Rd8 27. Nc3 c5 28. bxc5 bxc5 29. Nxd5 Rxd5 30. Ra8 Rxd4+ 31. Ke2 Rd7 32. Rbb8 f6 33. Re8 Nd4+ 34. Kf2 Rf7 35. Bf4 Nb5 36. Rab8 g5 37. Bg3 Nd4 38. Bd6 1-0

[Event "Ceske Budejovice op"]
[Site "Ceske Budejovice"]
[Date "2021.07.04"]
[Round "4"]
[White "Novotny, David"]
[Black "Flasik, Radoslav"]
[Result "1/2-1/2"]
[WhiteElo "1926"]
[BlackElo "2161"]
[PlyCount "70"]
[EventDate "2021.07.01"]
[EventType "swiss"]
[EventRounds "9"]
[EventCountry "CZE"]
[SourceTitle "CBM 203 Extra"]
[Source "ChessBase"]
[SourceDate "2021.09.30"]
[SourceVersion "1"]
[SourceVersionDate "2021.09.30"]
[SourceQuality "1"]

1. e4 e6 2. d4 d5 3. exd5 Qxd5 4. Nf3 Nf6 5. Nc3 Qd8 6. Be2 Be7 7. 0-0 0-0 8. Ne5 c5 9. Be3 cxd4 10. Bxd4 Nc6 11. Nxc6 bxc6 12. Bf3 Qa5 13. Bxc6 Rb8 14. Qc1 Rd8 15. Be3 Ng4 16. Bf4 e5 17. Bd2 Qc5 18. Bf3 Nf6 19. Rd1 Bf5 20. Be3 Rxd1+ 21. Qxd1 Qa5 22. Qc1 e4 23. Be2 Bd6 24. Bd4 Rb4 25. Qd1 Bf8 26. Bxf6 gxf6 27. Nd5 Rxb2 28. Qd4 Rxa2 29. Nxf6+ Kh8 30. Ne8+ Kg8 31. Nf6+ Kh8 32. Ne8+ Kg8 33. Nf6+ Kh8 34. Nxe4+ Kg8 35. Nf6+ Kh8 1/2-1/2

[Event "Ceske Budejovice op"]
[Site "Ceske Budejovice"]
[Date "2021.07.03"]
[Round "3"]
[White "Wojdyla, Alex"]
[Black "Novotny, David"]
[Result "0-1"]
[WhiteElo "1620"]
[BlackElo "1926"]
[PlyCount "28"]
[EventDate "2021.07.01"]
[EventType "swiss"]
[EventRounds "9"]
[EventCountry "CZE"]
[SourceTitle "CBM 203 Extra"]
[Source "ChessBase"]
[SourceDate "2021.09.30"]
[SourceVersion "1"]
[SourceVersionDate "2021.09.30"]
[SourceQuality "1"]

1. e4 e6 2. d4 d5 3. exd5 exd5 4. Bd3 Nc6 5. c3 Bd6 6. h3 Nge7 7. Ne2 Ng6 8. 0-0 Nce7 9. Re1 Be6 10. Bg5 f6 11. Be3 Qd7 12. Qc1 Bxh3 13. Nf4 Bf5 14. c4 Bxf4 0-1

[Event "Ceske Budejovice op"]
[Site "Ceske Budejovice"]
[Date "2021.07.02"]
[Round "2"]
[White "Novotny, David"]
[Black "Kiani, Kiarash"]
[Result "0-1"]
[WhiteElo "1926"]
[BlackElo "1988"]
[PlyCount "108"]
[EventDate "2021.07.01"]
[EventType "swiss"]
[EventRounds "9"]
[EventCountry "CZE"]
[SourceTitle "CBM 203 Extra"]
[Source "ChessBase"]
[SourceDate "2021.09.30"]
[SourceVersion "1"]
[SourceVersionDate "2021.09.30"]
[SourceQuality "1"]

1. d4 Nf6 2. Nf3 e6 3. c4 b6 4. g3 Bb7 5. Bg2 c5 6. 0-0 Be7 7. Nc3 cxd4 8. Qxd4 Nc6 9. Qd2 a6 10. b3 0-0 11. Bb2 Qc7 12. Rac1 Rad8 13. Nd5 exd5 14. cxd5 Qd6 15. dxc6 dxc6 16. Qxd6 Rxd6 17. Nd4 Rc8 18. Nf5 Re6 19. Nxe7+ Rxe7 20. Bxf6 gxf6 21. e3 c5 22. Rfd1 Bxg2 23. Kxg2 b5 24. Kf3 Rc6 25. Rd5 Rec7 26. a4 bxa4 27. bxa4 c4 28. Rc3 Rb7 29. Ke4 Rb2 30. f3 Ra2 31. a5 Rxh2 32. Rd4 Rh5 33. Rcxc4 Re6+ 34. Kd3 Rxa5 35. Rd8+ Kg7 36. Rg4+ Rg5 37. Rxg5+ fxg5 38. Rd5 Kg6 39. g4 Rb6 40. Ra5 f6 41. Ke2 h5 42. gxh5+ Kxh5 43. e4 Kh4 44. Kf2 Rb2+ 45. Ke3 Kg3 46. Rf5 Rb3+ 47. Ke2 Rb6 48. e5 Re6 49. Rxf6 Rxe5+ 50. Kf1 a5 51. Rf8 Re3 52. f4 gxf4 53. Rg8+ Kf3 54. Rg2 Re1+ 0-1

[Event "CZE-ch Betsys Online Blitz"]
[Site "Chess.com INT"]
[Date "2021.04.17"]
[Round "7"]
[White "Novotny, David"]
[Black "Barth, Vit"]
[Result "0-1"]
[WhiteElo "1985"]
[BlackElo "1359"]
[PlyCount "58"]
[EventDate "2021.04.17"]
[EventType "swiss (blitz)"]
[EventRounds "13"]
[EventCountry "CZE"]
[SourceTitle "CBM 201 Extra"]
[Source "ChessBase"]
[SourceDate "2021.05.31"]
[SourceVersion "1"]
[SourceVersionDate "2021.05.31"]
[SourceQuality "1"]

1. d4 Nf6 2. Nc3 e6 3. e4 d6 4. f4 Nbd7 5. Nf3 c5 6. Bb5 Be7 7. dxc5 dxc5 8. e5 Nd5 9. Bxd7+ Qxd7 10. Ne4 0-0 11. 0-0 f6 12. exf6 Bxf6 13. Nxc5 Qb5 14. Nd3 Rd8 15. Bd2 Nb6 16. Qe1 Nc4 17. Bc3 Bxc3 18. Qxc3 Ne3 19. Rfe1 Qb6 20. Nc5 Nf5 21. Kh1 Bd7 22. Nxd7 Rxd7 23. Ne5 Re7 24. Qa3 Rc7 25. c3 Rac8 26. Rad1 Ne3 27. Rd3 Nc2 28. Qb3 Nxe1 29. Qxe6+ Qxe6 0-1